NFL - The Only Player to Do It - Statistics

General Stats
  • This quiz has been taken 28 times
  • The average score is 6 of 20
Answer Stats
The only player in NFL history to ... Answer % Correct
Pass for 55 touchdowns in one season Peyton Manning
92%
Pass for three touchdowns and rush for three more in one game Josh Allen
64%
Rush for an overtime touchdown in the Super Bowl James White
44%
Be named All-Pro 13 times Reggie White
44%
Win MVP in his rookie season Jim Brown
40%
Rush for more than 200 yards in a Super Bowl Timmy Smith
40%
Play at the age of 48 George Blanda
36%
Win MVP as a special teams player Mark Moseley
32%
Average more than 140 yards rushing per game in one season O. J. Simpson
32%
Win a Heisman trophy, NFL MVP and Super Bowl MVP Marcus Allen
28%
Catch an overtime touchdown pass in the Super Bowl Mecole Hardman
24%
Kick an overtime field goal in the Super Bowl Jake Moody
20%
Later star in a movie with Gene Wilder and Harvey Korman Alex Karras
16%
Win an Olympic 100m gold medal Bob Hayes
16%
Later serve as a Cabinet Secretary Jack Kemp
12%
Be drafted #1 out of the University of Tampa John Matuszak
8%
Average more than 30 yards per catch in one season Don Currivan
4%
Play on teams that lost five consecutive Super Bowls Gale Gilbert
4%
Be taller than 6'10" Richard Sligh
4%
Kick eight field goals in one game Rob Bironas
4%
No matching quizzes found
Score Distribution
Percent of People with Each Score
Percentile by Number Answered
Your Score History
You have not taken this quiz